Bars közmüvelődési, társadalmi, gazdászati, ipari, kereskedelmi és nevelésügyi hetilap, egyszersmind Barsmegye és a megyei tanfelügyelőség hivatalos közlönye

Bibliographic Details
New Title:Bars-Hont
Format: Newspaper
Language:Hungarian
PhysicalDescription:62 zv. 40-52 cm
Published: Levice Sándor Holló 1881-1942
Levice Nyitrai és Társa
Subjects:

MARC

LEADER 00000cas a2200000 a 4500
001 vtls010300005
003 SK-MaSNL
005 20260228161718.0
008 110810d18811942xo wr|n 0 b0hun
040 |a SNK  |b slo  |c SNK  |e AACR2 
041 0 |a hun 
044 |a xo  |c SK 
072 7 |a 32  |x Politika  |2 konspekt 
072 7 |a 316.7  |x Sociológia kultúry. Kultúrny život  |2 konspekt 
080 |a 32  |2 2011 
080 |a 316.728  |2 2011 
080 |a 050  |2 2001 
080 |a (051)+(054)(437.6)  |2 2011 
245 0 0 |a Bars  |b közmüvelődési, társadalmi, gazdászati, ipari, kereskedelmi és nevelésügyi hetilap, egyszersmind Barsmegye és a megyei tanfelügyelőség hivatalos közlönye 
260 |a Levice  |b Sándor Holló  |c 1881-1942 
260 3 |3 41/1884-1942  |a Levice  |b Nyitrai és Társa 
300 |a 62 zv.  |c 40-52 cm 
310 |a 1x týždenne 
362 0 |a Roč. I, č. 1 (1.1.1881)-roč. LXII, č. 17 (1942) 
500 |a Zmena podnázvu: od 1/1908 politikai hetilap ; od 15/1912 közmüvelődési és társadalmi hetilap ; od 1/1939 bez podnázvu 
500 |a Od 1/1908 rozmer zv. 41 cm ; od 1/1919 40 cm ; od 1/ 1928 42 cm ; od 1/1939 42 cm 
500 |a Red. sa menia 
500 |a Tlač.: Lipót Dukesz v Leviciach ; od 1/1885 Nyitrai és Társa v Leviciach ; od 1/1939 Nyitrai és Társa Könyvnyomda Vállalat, Levice 
580 |a Od č. 18/1942 pokračoval pod titulom: Bars-Hont 
650 0 7 |a politika  |2 SNKPH  |9 968 
650 0 7 |a spoločenský život  |2 SNKPH  |9 28654 
655 7 |a regionálne periodiká  |2 SNKPH  |9 131775 
785 0 0 |t Bars-Hont 
910 |a snk 
999 |c 5949  |d 7879 
952 |0 0  |1 0  |4 0  |7 0  |a SNK  |b SNK  |d 2010-03-02  |i snk 228/33  |l 0  |o snkČSA 113/52/1932  |p 17A0648648  |r 2026-02-21 21:41:56  |t č. 1-52  |w 2026-02-21  |y PREZ 
952 |0 0  |1 0  |4 0  |7 0  |a SNK  |b SNK  |d 2010-03-02  |i snk 3111/34  |l 0  |o snkČSA 113/53/1933  |p 17A0648904  |r 2026-02-21 21:41:56  |t č. 1-52  |w 2026-02-21  |y PREZ